Central Library and Information Centre
Sibsagar Girls' College, Sivasagar : Assam

LANGUAGE OF CHEMISTRY OF CHEMICAL EQUATIONS (Record no. 8045)

MARC details
000 -LEADER
fixed length control field 00448cam a2200181ua 4500
008 - FIXED-LENGTH DATA ELEMENTS--GENERAL INFORMATION
fixed length control field 120216n1997 II |||gr||||Z||||||eng
040 ## - CATALOGING SOURCE
Original cataloging agency MAIN
041 ## - LANGUAGE CODE
-- English
082 ## - DEWEY DECIMAL CLASSIFICATION NUMBER
Classification number 540 TUL
100 ## - MAIN ENTRY--PERSONAL NAME
Personal name TULI, G. D.
245 ## - TITLE STATEMENT
Title LANGUAGE OF CHEMISTRY OF CHEMICAL EQUATIONS
260 ## - PUBLICATION, DISTRIBUTION, ETC.
Place of publication, distribution, etc. NEW DELHI
Name of publisher, distributor, etc. S.CHAND & COMPANY
Date of publication, distribution, etc. 1997
300 ## - PHYSICAL DESCRIPTION
Extent 118:
Dimensions 20CM.
700 ## - ADDED ENTRY--PERSONAL NAME
Personal name SONI, P. L.
942 ## - ADDED ENTRY ELEMENTS (KOHA)
Koha item type Books
653 ## - INDEX TERM--UNCONTROLLED
Uncontrolled term Chemistry & allied sciences
Holdings
Withdrawn status Lost status Damaged status Not for loan Collection code Home library Current library Shelving location Date acquired Full call number Barcode Date last seen Copy number Price effective from Koha item type Public note
        TBCHE Central Library and Information Centre Sibsagar Girls College Central Library and Information Centre Sibsagar Girls College CHEMISTRY BOOK RACK 23.06.1998 540 TUL 15402 27.02.2020 1 27.02.2020 Books V
        TBCHE Central Library and Information Centre Sibsagar Girls College Central Library and Information Centre Sibsagar Girls College CHEMISTRY BOOK RACK 23.06.1998 540 TUL 15403 27.02.2020 2 27.02.2020 Books V
Withdrawn       TBCHE Central Library and Information Centre Sibsagar Girls College Central Library and Information Centre Sibsagar Girls College CHEMISTRY BOOK RACK 23.06.1998 540 TUL 15404 27.02.2020 3 27.02.2020 Books V
        TBCHE Central Library and Information Centre Sibsagar Girls College Central Library and Information Centre Sibsagar Girls College CHEMISTRY BOOK RACK 23.06.1998 540 TUL 15405 27.02.2020 4 27.02.2020 Books V
        TBCHE Central Library and Information Centre Sibsagar Girls College Central Library and Information Centre Sibsagar Girls College CHEMISTRY BOOK RACK 23.06.1998 540 TUL 15406 27.02.2020 5 27.02.2020 Books V


Sibsagar Girl's College © 2020. All rights reserved.
Powered by Koha.
Maintained by Abhijit Borpuzari.